Most Rd of 16 Losses in the Champions League - Statistics

General Stats
  • This quiz has been taken 244 times
    113 since last reset
  • The average score is 16 of 21
Answer Stats
Rd 16 Losses Team % Correct
6 AC Milan
97%
6 Chelsea
96%
6 Inter Milan
96%
11 Arsenal
94%
5 Manchester United
94%
4 Liverpool
93%
6 Paris Saint-Germain
92%
5 Borussia Dortmund
91%
7 Juventus
91%
4 Bayern Munich
90%
4 Atlético Madrid
88%
8 Real Madrid
87%
10 FC Porto
80%
6 AS Roma
76%
7 Olympique Lyon
74%
4 PSV Eindhoven
67%
4 Napoli
66%
4 Sevilla
63%
7 Bayer Leverkusen
52%
4 Schalke 04
39%
4 FC Basel
12%
No matching quizzes found
Score Distribution
Percent of People with Each Score
Percentile by Number Answered
Your Score History
You have not taken this quiz since the last reset